Vista normal Vista MARC

Entrada Materia (reunión)

Número de registros utilizados en: 1

001 - CONTROL NUMBER

  • control field: 83781

003 - CONTROL NUMBER IDENTIFIER

  • control field: Co-BoUCM

005 - DATE AND TIME OF LATEST TRANSACTION

  • control field: 20170201133036.0

008 - FIXED-LENGTH DATA ELEMENTS

  • fixed length control field: 170201|| aca||aabn | a|a d

040 ## - CATALOGING SOURCE

  • Original cataloging agency: Co-BoUCM
  • Transcribing agency: Co-BoUCM

111 ## - HEADING--MEETING NAME

  • Meeting name or jurisdiction name as entry element: Simposio sobre investigación y formación profesional en fonoaudiología: terapia del lenguaje (1989,Octubre 6-7: Bogotá , Colombia)
  • Location of meeting: Bogotá (Colombia)
  • Date of meeting: Octubre 6 y 7 de 1989

670 ## - SOURCE DATA FOUND

  • Source citation: Work cat.: (Co-BoUCM)84129: Simposio sobre investigación y formación profesional en fonoaudiología: terapia del lenguaje (1989,Octubre 6-7: Bogotá , Colombia) Bogotá (Colombia) Octubre 6 y 7 de 1989, Simposio sobre investigación y formación profesional en audiología terapia del lenguaje , 1989